[Event "Tatry Open 2014"]
[Site "Tatranske Zruby SVK"]
[Date "2014.10.02"]
[Round "6.19"]
[White "Sejkora, V."]
[Black "Janousek, P."]
[Result "1/2-1/2"]
[WhiteElo "2243"]
[BlackElo "2174"]
[PlyCount "49"]
[EventDate "2014.09.28"]

1. c4 e6 2. Nc3 d5 3. d4 c5 4. e3 Nc6 5. Nf3 Nf6 6. Be2 a6 7. O-O dxc4 8. Bxc4
cxd4 9. exd4 Be7 10. h3 O-O 11. Be3 b5 12. Bd3 Nb4 13. Be2 Nbd5 14. Nxd5 Nxd5
15. Qd3 Bb7 16. Rfd1 Rc8 17. a3 Qd6 18. Ne1 Rfd8 19. Bf3 Bf6 20. Rac1 h6 21.
Rxc8 Rxc8 22. Rc1 Rxc1 23. Bxc1 Qc7 24. Bd2 Ne7 25. Bxb7 1/2-1/2

[Event "Tatry Open 2014"]
[Site "Tatranske Zruby SVK"]
[Date "2014.10.02"]
[Round "6.20"]
[White "Michalicka, M."]
[Black "Klemanic, E."]
[Result "1/2-1/2"]
[WhiteElo "2225"]
[BlackElo "2160"]
[PlyCount "74"]
[EventDate "2014.09.28"]

1. Nf3 Nf6 2. c4 g6 3. b4 Bg7 4. Bb2 O-O 5. g3 b6 6. Bg2 Bb7 7. O-O d6 8. d4
Nbd7 9. Qc2 e6 10. c5 Be4 11. Qc1 bxc5 12. dxc5 dxc5 13. bxc5 Rb8 14. Nbd2 Rxb2
15. Qxb2 Nd5 16. Qa3 Bxf3 17. Nxf3 Bxa1 18. Rxa1 Qb8 19. Rc1 c6 20. Nd4 Qb7 21.
Be4 Rc8 22. Rb1 Qc7 23. Bd3 e5 24. Nf3 Rb8 25. Rc1 a5 26. Bc4 N7f6 27. Nd2 e4
28. Nb3 Qe5 29. Qxa5 Ng4 30. h3 Nxf2 31. Kxf2 Qf5+ 32. Kg1 Qxh3 33. Qe1 Ne3 34.
Qf2 Ng4 35. Qg2 Qh6 36. Rf1 Qe3+ 37. Kh1 Qh6+ 1/2-1/2

[Event "Tatry Open 2014"]
[Site "Tatranske Zruby SVK"]
[Date "2014.10.02"]
[Round "6.21"]
[White "Brhel, J."]
[Black "Borsos, B."]
[Result "1-0"]
[WhiteElo "2108"]
[BlackElo "2224"]
[PlyCount "99"]
[EventDate "2014.09.28"]

1. d4 Nf6 2. c4 e6 3. Nf3 Bb4+ 4. Nbd2 b6 5. a3 Bxd2+ 6. Qxd2 a5 7. g3 Bb7 8.
Bg2 a4 9. O-O O-O 10. Qc2 Be4 11. Qc3 d6 12. Bg5 h6 13. Bd2 Nbd7 14. Rad1 Qc8
15. Ne1 Bxg2 16. Kxg2 Ne4 17. Qc2 Qb7 18. f3 Nxd2 19. Rxd2 f5 20. Nd3 Nf6 21.
Nf4 e5 22. Nd5 Nxd5 23. cxd5 Rae8 24. dxe5 Rxe5 25. Qxa4 Kh8 26. Qd4 Qa6 27.
Kf2 Rfe8 28. Re1 R8e7 29. e3 Qb5 30. Rc1 Rxe3 31. Qxe3 Rxe3 32. Kxe3 Qd7 33.
Rc6 Qf7 34. a4 Kh7 35. b4 Kg6 36. a5 f4+ 37. Kf2 bxa5 38. bxa5 Qe7 39. Re2 Qg5
40. Rxc7 Qxd5 41. a6 Qd4+ 42. Kg2 Qa4 43. a7 fxg3 44. hxg3 Kf6 45. Ree7 g5 46.
Rf7+ Kg6 47. Rg7+ Kf6 48. Rcf7+ Ke6 49. Rf8 g4 50. fxg4 1-0

[Event "Tatry Open 2014"]
[Site "Tatranske Zruby SVK"]
[Date "2014.10.02"]
[Round "6.22"]
[White "Burnett, A."]
[Black "Marczuk, D."]
[Result "1/2-1/2"]
[WhiteElo "2222"]
[BlackElo "2110"]
[PlyCount "67"]
[EventDate "2014.09.28"]

1. Nf3 d5 2. c4 c6 3. d4 Nf6 4. Nc3 a6 5. g3 b5 6. Bg2 Bf5 7. O-O e6 8. c5 Nbd7
9. Bf4 Be7 10. h3 Ne4 11. Nxe4 Bxe4 12. a4 O-O 13. b4 f6 14. axb5 axb5 15. Nd2
Bxg2 16. Kxg2 e5 17. Be3 f5 18. dxe5 Nxe5 19. Nb3 Nc4 20. Nd4 Qd7 21. Qc2 Nxe3+
22. fxe3 Rxa1 23. Rxa1 Bf6 24. Qd3 Re8 25. Ra6 Bxd4 26. exd4 Qe6 27. Kf2 Qh6
28. Qf3 Qd2 29. Rxc6 Qxd4+ 30. Kg2 Qd2 31. Kf2 Qd4+ 32. Kg2 Qd2 33. Kf2 Qd4+
34. Kg2 1/2-1/2

[Event "Tatry Open 2014"]
[Site "Tatranske Zruby SVK"]
[Date "2014.10.02"]
[Round "6.23"]
[White "Andras, T."]
[Black "Volodin, V."]
[Result "1/2-1/2"]
[WhiteElo "2106"]
[BlackElo "2217"]
[PlyCount "134"]
[EventDate "2014.09.28"]

1. e4 d5 2. exd5 Qxd5 3. Nc3 Qd6 4. d4 Nf6 5. Nf3 c6 6. g3 Bg4 7. Bg2 e6 8. O-O
Be7 9. Bf4 Qd8 10. Re1 Nbd7 11. h3 Bxf3 12. Qxf3 O-O 13. Rad1 Nb6 14. Be5 Nbd5
15. Ne4 Nxe4 16. Qxe4 Nf6 17. Qe2 Nd7 18. Be4 Nf6 19. Bd3 Qa5 20. c4 Qxa2 21.
Bxf6 Bxf6 22. Bxh7+ Kxh7 23. Qc2+ Kg8 24. Ra1 Qxa1 25. Rxa1 Bxd4 26. Re1 Rad8
27. Kg2 Rd7 28. Re2 Rfd8 29. h4 e5 30. g4 Rd6 31. g5 a5 32. h5 g6 33. c5 Re6
34. f4 Rd5 35. Qb3 exf4 36. Rxe6 fxe6 37. Qxb7 Rxg5+ 38. Kf3 Rxh5 39. Qc8+ Kh7
40. Qd7+ Bg7 41. Qxc6 Kh6 42. Qd6 Rf5 43. c6 Be5 44. Qxe6 Kg7 45. Qe7+ Kh6 46.
c7 Bxc7 47. Qxc7 Kg5 48. Qd8+ Kh5 49. b3 Kh6 50. Kg4 Kg7 51. Qe7+ Kg8 52. Qe8+
Kg7 53. Qd7+ Kg8 54. Qe8+ Kg7 55. Kf3 Kh7 56. Ke4 f3 57. Qd7+ Kg8 58. Qd8+ Kg7
59. Qd4+ Kh7 60. Qf2 Kg7 61. Qa7+ Kg8 62. Qf2 Kg7 63. Qd4+ Kg8 64. Qf2 Kg7 65.
Qa7+ Kg8 66. Qb8+ Kg7 67. Qa7+ Kg8 1/2-1/2

[Event "Tatry Open 2014"]
[Site "Tatranske Zruby SVK"]
[Date "2014.10.02"]
[Round "6.24"]
[White "Holtman, Teodor"]
[Black "Steiner, B."]
[Result "0-1"]
[WhiteElo "2086"]
[BlackElo "2212"]
[PlyCount "108"]
[EventDate "2014.09.28"]

1. e4 e5 2. Nf3 Nc6 3. d4 exd4 4. Nxd4 Nf6 5. Nxc6 bxc6 6. e5 Qe7 7. Qe2 Nd5 8.
c4 Nb6 9. b3 a5 10. Ba3 Qe6 11. Bxf8 Kxf8 12. Nd2 g6 13. g3 a4 14. b4 Ba6 15.
Rc1 Re8 16. f4 d6 17. b5 cxb5 18. cxb5 Bb7 19. Bg2 Bxg2 20. Qxg2 Nd5 21. Nf3
dxe5 22. fxe5 Kg7 23. Qf2 f6 24. O-O fxe5 25. Ng5 Qb6 26. Qxb6 cxb6 27. Rcd1
Ne3 28. Rd7+ Kh6 29. Nf7+ Kh5 30. Rf3 Nf5 31. Nxh8 Rxh8 32. h3 Kg5 33. Rd5 Re8
34. g4 Nd4 35. Re3 Kf4 36. Kf2 Rc8 37. Rdxe5 Rc2+ 38. Kf1 Nf3 39. Re7 Kg3 40.
Rxf3+ Kxf3 41. Ke1 Rxa2 42. Rxh7 a3 43. Ra7 g5 44. h4 gxh4 45. g5 Ra1+ 46. Kd2
h3 47. g6 h2 48. Rf7+ Ke4 49. Re7+ Kf5 50. g7 Rg1 51. Rf7+ Ke6 52. Rf1 Rxg7 53.
Rh1 a2 54. Rxh2 a1=Q 0-1

[Event "Tatry Open 2014"]
[Site "Tatranske Zruby SVK"]
[Date "2014.10.02"]
[Round "6.25"]
[White "Sikora, J."]
[Black "Kula, Dominik"]
[Result "1/2-1/2"]
[WhiteElo "2211"]
[BlackElo "1973"]
[PlyCount "43"]
[EventDate "2014.09.28"]

1. e4 c5 2. Nc3 d6 3. Nf3 Nf6 4. d4 cxd4 5. Nxd4 e6 6. g3 e5 7. Nde2 Qc7 8. Bg2
b5 9. O-O Bb7 10. a4 b4 11. Nd5 Nxd5 12. exd5 Be7 13. Bd2 a5 14. c3 Na6 15. Rc1
Qd7 16. Be3 O-O 17. c4 Rac8 18. b3 f5 19. f4 e4 20. Re1 Bf6 21. Bf1 Nc5 22. Nd4
1/2-1/2

[Event "Tatry Open 2014"]
[Site "Tatranske Zruby SVK"]
[Date "2014.10.02"]
[Round "6.26"]
[White "Lanc, A."]
[Black "Stehlik, P."]
[Result "1-0"]
[WhiteElo "2363"]
[BlackElo "2033"]
[PlyCount "103"]
[EventDate "2014.09.28"]

1. d4 Nf6 2. Nc3 d5 3. Bg5 Bf5 4. f3 Nbd7 5. Qd2 c6 6. O-O-O Qa5 7. e4 Be6 8.
e5 Ng8 9. Qe1 O-O-O 10. Kb1 g6 11. Nge2 f6 12. Bd2 Bh6 13. Bxh6 Nxh6 14. Nf4
Bg8 15. Ncxd5 Qxe1 16. Nxe7+ Kb8 17. Rxe1 fxe5 18. Nxg8 Nxg8 19. Ne6 Re8 20.
Ng5 Nh6 21. dxe5 Rxe5 22. Rxe5 Nxe5 23. Bd3 Nxd3 24. cxd3 Nf5 25. Re1 h6 26.
Nf7 Rf8 27. Ne5 Rg8 28. Kc2 Rg7 29. Kc3 c5 30. g4 Nd6 31. a4 Kc7 32. d4 cxd4+
33. Kxd4 Kd8 34. f4 Nf7 35. Nc4 Kd7 36. b4 Rg8 37. h4 Rg7 38. Ne5+ Kd6 39. Rc1
Nd8 40. Ke4 Nc6 41. Rd1+ Ke6 42. f5+ gxf5+ 43. gxf5+ Kf6 44. Rd6+ Ke7 45. Rxh6
Rg1 46. Rh7+ Kf8 47. Nxc6 bxc6 48. Rxa7 Rg4+ 49. Ke5 Rxh4 50. Rb7 c5 51. a5 Rh6
52. b5 1-0

[Event "Tatry Open 2014"]
[Site "Tatranske Zruby SVK"]
[Date "2014.10.02"]
[Round "6.27"]
[White "Borosova, Z."]
[Black "Giertli, V."]
[Result "1-0"]
[WhiteElo "2263"]
[BlackElo "2078"]
[PlyCount "33"]
[EventDate "2014.09.28"]

1. e4 d6 2. d4 Nf6 3. Nc3 g6 4. Be3 c6 5. h3 Qa5 6. Bd3 Nbd7 7. f4 b5 8. Nf3 a6
9. O-O Bb7 10. e5 Nd5 11. Nxd5 cxd5 12. e6 fxe6 13. Ng5 Nf6 14. Nxe6 Bh6 15.
Bd2 Qb6 16. Qe1 a5 17. Bxb5+ 1-0

[Event "Tatry Open 2014"]
[Site "Tatranske Zruby SVK"]
[Date "2014.10.02"]
[Round "6.28"]
[White "Haring, Filip"]
[Black "Malik, J."]
[Result "1-0"]
[WhiteElo "2078"]
[BlackElo "2253"]
[PlyCount "45"]
[EventDate "2014.09.28"]

1. e4 c5 2. Nf3 d6 3. d4 cxd4 4. Nxd4 Nf6 5. Nc3 a6 6. Be3 e5 7. Nb3 Be6 8. f4
Qc7 9. f5 Bc4 10. g4 d5 11. Nxd5 Bxd5 12. exd5 h5 13. g5 Ng4 14. Bg1 e4 15. Qe2
Qf4 16. Bg2 Qxg5 17. Qxe4+ Kd7 18. d6 Nc6 19. Nc5+ Kc8 20. Qe8+ Qd8 21. Bxc6
Qxe8+ 22. Bxe8 Bxd6 23. Bxf7 1-0

[Event "Tatry Open 2014"]
[Site "Tatranske Zruby SVK"]
[Date "2014.10.02"]
[Round "6.29"]
[White "Kukucka, M."]
[Black "Skreno, V."]
[Result "0-1"]
[WhiteElo "2073"]
[BlackElo "2244"]
[PlyCount "100"]
[EventDate "2014.09.28"]

1. d4 Nf6 2. c4 g6 3. Nc3 Bg7 4. e4 d6 5. h3 O-O 6. Bg5 Na6 7. g4 e5 8. d5 c6
9. Qd2 cxd5 10. cxd5 Nc5 11. f3 Qa5 12. Nb5 Qxd2+ 13. Bxd2 Ne8 14. Be3 a6 15.
Nxd6 Nxd6 16. Bxc5 Rd8 17. a4 f5 18. Bd3 Bf8 19. Bb6 Re8 20. Ne2 Bd7 21. Nc3
Rac8 22. Be3 Nc4 23. Bxc4 Rxc4 24. Ke2 Bb4 25. Rhc1 Rec8 26. Kd3 Ba5 27. Ne2
fxe4+ 28. fxe4 b5 29. Rxc4 bxc4+ 30. Kc2 Rf8 31. Bd2 Rf2 32. Bxa5 Rxe2+ 33. Bd2
Rxe4 34. Re1 Bxa4+ 35. Kc3 Rd4 36. Be3 Rxd5 37. Kxc4 Rd7 38. Bc5 Bb5+ 39. Kb4
Rd5 40. Re3 Kf7 41. Rf3+ Ke6 42. g5 Rd7 43. Kc3 Kd5 44. Bf2 Ke4 45. Re3+ Kf4
46. h4 e4 47. b4 Rd1 48. Re1 Rd3+ 49. Kc2 Ba4+ 50. Kc1 Rc3+ 0-1

[Event "Tatry Open 2014"]
[Site "Tatranske Zruby SVK"]
[Date "2014.10.02"]
[Round "6.30"]
[White "Ramik, Z."]
[Black "Capak, S."]
[Result "1-0"]
[WhiteElo "2216"]
[BlackElo "2063"]
[PlyCount "59"]
[EventDate "2014.09.28"]

1. e4 c5 2. Nc3 e6 3. g3 d5 4. exd5 exd5 5. Bg2 Nf6 6. d3 Be7 7. Bg5 Nbd7 8.
Nf3 O-O 9. O-O b6 10. Re1 Bb7 11. Nh4 g6 12. Re2 Re8 13. Qf1 Nf8 14. Rxe7 Qxe7
15. Bxd5 Ne6 16. Bxf6 Qxf6 17. Bxb7 Rab8 18. Bc6 Red8 19. Bg2 Nd4 20. Qd1 Re8
21. Nf3 b5 22. Rb1 Qa6 23. Nxd4 cxd4 24. Nd5 b4 25. Qg4 Qe6 26. Qxd4 Red8 27.
Qe4 Rd6 28. Qxe6 Rxe6 29. Ne3 Ra6 30. Bd5 1-0

[Event "Tatry Open 2014"]
[Site "Tatranske Zruby SVK"]
[Date "2014.10.02"]
[Round "6.31"]
[White "Masak, P."]
[Black "Dobrotka, M."]
[Result "0-1"]
[WhiteElo "2053"]
[BlackElo "2189"]
[PlyCount "118"]
[EventDate "2014.09.28"]

1. Nf3 Nf6 2. d4 d6 3. c4 g6 4. Nc3 Bg7 5. Bg5 h6 6. Bh4 O-O 7. e3 c5 8. Be2
Qa5 9. Qd2 Re8 10. O-O Bg4 11. Rad1 cxd4 12. exd4 g5 13. Bg3 Nh5 14. Nd5 Qxd2
15. Rxd2 Na6 16. c5 Nxg3 17. hxg3 Be6 18. Bxa6 Bxd5 19. Bb5 Red8 20. cxd6 Rxd6
21. b3 a6 22. Be2 Rc8 23. Ne5 Bxb3 24. axb3 Bxe5 25. Rfd1 Rcd8 26. d5 Rc8 27.
Bg4 Rc3 28. Rd3 Rb6 29. Rxc3 Bxc3 30. Rb1 a5 31. Bf5 Rb4 32. f3 Kg7 33. Kf2 Rd4
34. Be4 Rd2+ 35. Ke3 b6 36. Rc1 Bb4 37. Rc2 Rd1 38. Bd3 Bc5+ 39. Ke2 Rg1 40. g4
Rxg2+ 41. Kf1 Rg1+ 42. Ke2 Kf6 43. Be4 Ke5 44. Kd3 h5 45. gxh5 f5 46. f4+ Kxf4
47. Bg2 Kg3 48. h6 Rd1+ 49. Kc3 Bd4+ 50. Kc4 Bf6 51. Re2 f4 52. h7 f3 53. Bxf3
Kxf3 54. Rxe7 Rd4+ 55. Kb5 Rxd5+ 56. Kc6 Rf5 57. Rf7 Kf4 58. Rf8 g4 59. Kd7 Bb2
0-1

[Event "Tatry Open 2014"]
[Site "Tatranske Zruby SVK"]
[Date "2014.10.02"]
[Round "6.32"]
[White "Rous, D."]
[Black "Murin, P."]
[Result "0-1"]
[WhiteElo "2188"]
[BlackElo "2051"]
[PlyCount "128"]
[EventDate "2014.09.28"]

1. d4 f5 2. g3 g6 3. Bg2 Nf6 4. c4 Bg7 5. Nc3 O-O 6. Nf3 d6 7. O-O Qe8 8. d5 a5
9. Re1 Na6 10. e4 fxe4 11. Ng5 Nc5 12. Ngxe4 Nfxe4 13. Nxe4 Nxe4 14. Bxe4 Qf7
15. Qc2 e5 16. Be3 Bf5 17. Kg2 Bg4 18. Rac1 b6 19. b3 Rae8 20. a3 Bf3+ 21. Kg1
Qd7 22. Bxf3 Rxf3 23. b4 axb4 24. axb4 Qh3 25. Qe4 Ref8 26. Ra1 Bh6 27. Ra2
Bxe3 28. Rxe3 Rxe3 29. Qxe3 Qg4 30. Qd3 Rf3 31. Ra8+ Kg7 32. Qc2 Qd4 33. Rc8
Rf7 34. Kg2 b5 35. cxb5 Qxd5+ 36. Kg1 Qb7 37. Rd8 Qxb5 38. Qd2 Qb6 39. h4 Qd4
40. Qe2 Qxb4 41. h5 gxh5 42. Qe3 Qb1+ 43. Kg2 Qg6 44. Qb3 h4 45. Qb8 Qe4+ 46.
Kh3 Qh1+ 47. Kg4 hxg3 48. Rg8+ Kh6 49. Rg6+ Kxg6 50. Qg8+ Kf6 51. Qd8+ Ke6 52.
Qe8+ Re7 53. Qc8+ Rd7 54. Qe8+ Re7 55. Qc8+ Kd5 56. Qa8+ c6 57. Qa2+ Kc5 58.
Qa5+ Kd4 59. Qa4+ Kd3 60. Qb3+ Ke2 61. Qc2+ Kf1 62. Qd1+ Kg2 63. Qf3+ Kg1 64.
Qd1+ Kh2 0-1

[Event "Tatry Open 2014"]
[Site "Tatranske Zruby SVK"]
[Date "2014.10.02"]
[Round "6.33"]
[White "Frindt, K."]
[Black "Kotlowski, T."]
[Result "1/2-1/2"]
[WhiteElo "2176"]
[BlackElo "2034"]
[PlyCount "68"]
[EventDate "2014.09.28"]

1. e4 e5 2. Nf3 Nc6 3. Bb5 f5 4. d3 fxe4 5. dxe4 Nf6 6. O-O d6 7. Nc3 Be7 8.
Bg5 O-O 9. Bxf6 Bxf6 10. Qd5+ Kh8 11. Bxc6 bxc6 12. Qxc6 Bd7 13. Qa6 Bg4 14.
Qd3 Rb8 15. b3 Qe8 16. Nd2 Bg5 17. Nd5 Qg6 18. f3 Bxd2 19. Qxd2 Bxf3 20. Ne7
Qg4 21. h3 Qd7 22. Rxf3 Rxf3 23. gxf3 Qxe7 24. Qg2 Rf8 25. Rf1 h6 26. Kf2 d5
27. Kg1 dxe4 28. fxe4 Qc5+ 29. Kh1 Rxf1+ 30. Qxf1 Qxc2 31. Qf8+ Kh7 32. Qf5+
Kh8 33. Qc8+ Kh7 34. Qf5+ Kh8 1/2-1/2

[Event "Tatry Open 2014"]
[Site "Tatranske Zruby SVK"]
[Date "2014.10.02"]
[Round "6.34"]
[White "Hadzi Manev, L."]
[Black "Koval, A."]
[Result "1-0"]
[WhiteElo "2046"]
[BlackElo "2170"]
[PlyCount "97"]
[EventDate "2014.09.28"]

1. d4 d5 2. Bf4 Nf6 3. e3 c6 4. Bd3 g6 5. Nd2 Bg7 6. h3 Qb6 7. Rb1 Na6 8. c3
Nc7 9. Ngf3 Ne6 10. Be5 O-O 11. O-O Nd7 12. Bxg7 Nxg7 13. c4 Nf6 14. b4 Qc7 15.
Qc2 dxc4 16. Nxc4 Be6 17. Rfc1 Qc8 18. Qe2 Qd8 19. a4 Nd7 20. a5 a6 21. Rd1
Bxc4 22. Bxc4 e6 23. e4 Qc7 24. Rbc1 Qf4 25. g3 Qf6 26. Kg2 Rad8 27. Qe3 Rfe8
28. Qc3 Nb8 29. Rd3 Qe7 30. Rcd1 Nh5 31. Re3 Nf6 32. Rd2 Nfd7 33. d5 e5 34. h4
Nf6 35. Qb3 Ng4 36. Ree2 Nh6 37. Ng5 Kg7 38. Qc3 Qf6 39. Re1 Re7 40. Red1 Rc8
41. d6 Rd7 42. Rd3 Re8 43. Rf3 Qd8 44. Ne6+ fxe6 45. Qxe5+ Kg8 46. Bxe6+ Nf7
47. Rf6 Rf8 48. h5 g5 49. h6 1-0

[Event "Tatry Open 2014"]
[Site "Tatranske Zruby SVK"]
[Date "2014.10.02"]
[Round "6.35"]
[White "Tropp, O."]
[Black "Kolesar, Mil"]
[Result "1-0"]
[WhiteElo "2048"]
[BlackElo "2166"]
[PlyCount "41"]
[EventDate "2014.09.28"]

1. e4 c5 2. Nf3 d6 3. d4 cxd4 4. Nxd4 Nf6 5. Nc3 Nc6 6. Bg5 e6 7. Qd2 a6 8.
O-O-O Bd7 9. f4 b5 10. Bxf6 gxf6 11. Nxc6 Bxc6 12. Qe1 Ra7 13. f5 Bh6+ 14. Kb1
Bf4 15. Qf2 Rd7 16. fxe6 fxe6 17. Qxf4 O-O 18. Qg4+ Kh8 19. Qxe6 Re8 20. Qg4
Re5 21. Bd3 1-0

[Event "Tatry Open 2014"]
[Site "Tatranske Zruby SVK"]
[Date "2014.10.02"]
[Round "6.36"]
[White "Obona, J."]
[Black "Hrnciar, R."]
[Result "1/2-1/2"]
[WhiteElo "2166"]
[BlackElo "2039"]
[PlyCount "60"]
[EventDate "2014.09.28"]

1. Nf3 f5 2. c4 e6 3. g3 Nf6 4. Bg2 Be7 5. O-O O-O 6. b3 c6 7. Bb2 d6 8. d3 e5
9. c5 d5 10. Nxe5 Bxc5 11. Nd2 Nbd7 12. Nxd7 Bxd7 13. Rc1 Bb6 14. e3 Qe8 15.
Nf3 Ng4 16. h3 Nxe3 17. fxe3 Qxe3+ 18. Kh1 Rae8 19. d4 Bc7 20. Rc3 Qe2 21. Ne5
Rxe5 22. dxe5 Qxb2 23. Bxd5+ cxd5 24. Qxd5+ Kh8 25. Rxc7 Bc6 26. Rxc6 bxc6 27.
Qd6 Re8 28. Qxc6 Qxe5 29. Kg2 Rd8 30. Rf2 h6 1/2-1/2

[Event "Tatry Open 2014"]
[Site "Tatranske Zruby SVK"]
[Date "2014.10.02"]
[Round "6.37"]
[White "Plasil, Petr"]
[Black "Mrva, V."]
[Result "1/2-1/2"]
[WhiteElo "2015"]
[BlackElo "2138"]
[PlyCount "133"]
[EventDate "2014.09.28"]

1. d4 Nf6 2. c4 e6 3. Nf3 b6 4. g3 Bb7 5. Bg2 Be7 6. O-O O-O 7. Nc3 Ne4 8. Bd2
f5 9. d5 Bf6 10. Rc1 Nd6 11. b3 e5 12. e4 Nxe4 13. Nxe4 fxe4 14. Ne1 d6 15.
Bxe4 Qe8 16. Nf3 Bc8 17. Ng5 Bxg5 18. Bxg5 Bf5 19. Bxf5 Rxf5 20. Be3 Nd7 21.
Qg4 Rf6 22. b4 Rg6 23. Qe2 Nf6 24. Qd2 Qd7 25. f3 Rf8 26. Rcd1 Qf5 27. c5 h5
28. Qd3 Qxd3 29. Rxd3 h4 30. Kg2 hxg3 31. hxg3 Nh5 32. g4 Nf4+ 33. Bxf4 Rxf4
34. cxb6 cxb6 35. Ra3 Rxb4 36. Rxa7 Rf6 37. Rc1 e4 38. Ra8+ Kh7 39. Rc3 exf3+
40. Rxf3 Rxg4+ 41. Kf2 Rxf3+ 42. Kxf3 Rd4 43. Ra6 Rxd5 44. Rxb6 Kg6 45. a4 Kf5
46. a5 g5 47. a6 g4+ 48. Kg2 Rd2+ 49. Kg3 Rd3+ 50. Kg2 Ke6 51. Rb4 Ra3 52. Rxg4
Rxa6 53. Kf3 Kd5 54. Ke3 Kc5 55. Kd3 Ra3+ 56. Kc2 d5 57. Kb2 Rh3 58. Kc2 d4 59.
Rg8 Re3 60. Kd2 Re5 61. Rc8+ Kd5 62. Kd3 Re3+ 63. Kd2 Re6 64. Kd3 Re3+ 65. Kd2
Rf3 66. Rd8+ Ke5 67. Re8+ 1/2-1/2

[Event "Tatry Open 2014"]
[Site "Tatranske Zruby SVK"]
[Date "2014.10.02"]
[Round "6.38"]
[White "Yao, Lan"]
[Black "Valenta, V jr"]
[Result "1-0"]
[WhiteElo "2015"]
[BlackElo "2134"]
[PlyCount "49"]
[EventDate "2014.09.28"]

1. e4 e5 2. Nf3 Nc6 3. Bc4 Be7 4. d4 d6 5. dxe5 dxe5 6. Qxd8+ Bxd8 7. Nc3 Nf6
8. Be3 Ng4 9. Bc5 b6 10. Ba3 Nd4 11. Nxd4 exd4 12. Nb5 Ne5 13. Bd5 Rb8 14. Nxd4
Bd7 15. f4 c5 16. fxe5 cxd4 17. O-O f6 18. exf6 gxf6 19. e5 Bb5 20. Rf5 fxe5
21. Rxe5+ Kd7 22. Rf5 Kc8 23. Rf7 Bc7 24. Be6+ Kd8 25. Rd1 1-0

[Event "Tatry Open 2014"]
[Site "Tatranske Zruby SVK"]
[Date "2014.10.02"]
[Round "6.39"]
[White "Jiruse, J."]
[Black "Konak, J."]
[Result "1/2-1/2"]
[WhiteElo "2014"]
[BlackElo "2132"]
[PlyCount "24"]
[EventDate "2014.09.28"]

1. e4 c5 2. Nc3 Nc6 3. Bc4 g6 4. d3 Bg7 5. f4 d6 6. Nf3 e6 7. O-O Nge7 8. Qe1
h6 9. Bb3 Nd4 10. Ne2 Nxb3 11. axb3 O-O 12. Kh1 d5 1/2-1/2

[Event "Tatry Open 2014"]
[Site "Tatranske Zruby SVK"]
[Date "2014.10.02"]
[Round "6.40"]
[White "Splichal, S."]
[Black "Rakay, K."]
[Result "1/2-1/2"]
[WhiteElo "2129"]
[BlackElo "2005"]
[PlyCount "65"]
[EventDate "2014.09.28"]

1. d4 Nf6 2. c4 e6 3. Nc3 Bb4 4. e3 O-O 5. Nge2 b6 6. a3 Be7 7. d5 d6 8. e4 e5
9. Ng3 Ne8 10. Bd3 Bg5 11. O-O Bxc1 12. Rxc1 g6 13. Qd2 Qh4 14. f4 Nf6 15. Nce2
Nh5 16. fxe5 dxe5 17. Nxh5 Qxh5 18. c5 Qh4 19. cxb6 cxb6 20. Nc3 Na6 21. b4 Nc7
22. Bc4 Bd7 23. d6 Ne6 24. Nd5 Rad8 25. Nf6+ Kg7 26. Nxd7 Rxd7 27. Bxe6 fxe6
28. Rxf8 Kxf8 29. Rc8+ Kf7 30. Rc7 Ke8 31. Rc8+ Kf7 32. Rc7 Ke8 33. Rc8+
1/2-1/2

[Event "Tatry Open 2014"]
[Site "Tatranske Zruby SVK"]
[Date "2014.10.03"]
[Round "7.1"]
[White "Vojta, T."]
[Black "Jarmula, L."]
[Result "1-0"]
[WhiteElo "2373"]
[BlackElo "2314"]
[PlyCount "125"]
[EventDate "2014.09.28"]

1. e4 c5 2. f4 d5 3. exd5 Nf6 4. Bb5+ Nbd7 5. Nc3 a6 6. Bxd7+ Qxd7 7. Nf3 Nxd5
8. Ne5 Qe6 9. O-O g6 10. Qf3 Nxc3 11. bxc3 Bg7 12. Ba3 Bxe5 13. fxe5 O-O 14.
Bxc5 Bd7 15. Bd4 Bc6 16. Qe2 f6 17. d3 fxe5 18. Qxe5 Qxe5 19. Bxe5 Ba4 20. Rac1
Rxf1+ 21. Kxf1 Rf8+ 22. Ke2 Rf5 23. Bd4 Rh5 24. Bg1 Rg5 25. g3 h5 26. Be3 Rf5
27. c4 Bc6 28. h4 Kf7 29. Bf4 e5 30. Bg5 Rf3 31. Rg1 Ke6 32. g4 hxg4 33. Rxg4
Rh3 34. Kd2 Rh2+ 35. Kc3 Ba4 36. Bd2 Kf7 37. a3 Bd7 38. Re4 Kf6 39. Bg5+ Kf5
40. Bd8 Ba4 41. Rxe5+ Kxe5 42. Bc7+ Kf5 43. Bxh2 Kg4 44. d4 Kxh4 45. d5 Kg5 46.
Kd4 Kf6 47. Kc5 Bxc2 48. Kb6 Bb3 49. d6 Ke6 50. Kc7 Ba4 51. Kxb7 Kd7 52. Kxa6
Kc6 53. Ka5 Bc2 54. Kb4 Bf5 55. Bg3 Bc8 56. a4 g5 57. a5 Ba6 58. Kc3 g4 59. Kd4
Bc8 60. Ke5 Ba6 61. Ke6 Bc8+ 62. Ke7 Bf5 63. a6 1-0

[Event "Tatry Open 2014"]
[Site "Tatranske Zruby SVK"]
[Date "2014.10.03"]
[Round "7.2"]
[White "Petran, Pe"]
[Black "Zambor, N."]
[Result "1/2-1/2"]
[WhiteElo "2327"]
[BlackElo "2279"]
[PlyCount "40"]
[EventDate "2014.09.28"]

1. d4 Nf6 2. g3 c5 3. c3 e6 4. Bg2 d5 5. Nf3 Nc6 6. O-O Bd6 7. Nbd2 cxd4 8.
Nxd4 Nxd4 9. cxd4 Qb6 10. e3 Bd7 11. Qb3 Qxb3 12. Nxb3 Ke7 13. Bd2 b6 14. Rfc1
a5 15. Be1 Rhc8 16. Rxc8 Rxc8 17. Rc1 a4 18. Rxc8 Bxc8 19. Nc1 Ba6 20. Bf1 Bxf1
1/2-1/2

[Event "Tatry Open 2014"]
[Site "Tatranske Zruby SVK"]
[Date "2014.10.03"]
[Round "7.3"]
[White "Certek, P."]
[Black "Jasny, S."]
[Result "1/2-1/2"]
[WhiteElo "2267"]
[BlackElo "2409"]
[PlyCount "125"]
[EventDate "2014.09.28"]

1. d4 Nf6 2. c4 g6 3. Nc3 Bg7 4. Nf3 d6 5. g3 O-O 6. Bg2 Nc6 7. d5 Na5 8. b3 c5
9. Bd2 a6 10. O-O Rb8 11. Qe1 b5 12. e4 b4 13. e5 Ng4 14. Ne4 Nxe5 15. Nxe5
Bxe5 16. Rd1 Bg7 17. Bf4 Nb7 18. Qe3 Bf5 19. Bf3 Qd7 20. Rfe1 Rfe8 21. Bh6 Bg4
22. Be2 Bxe2 23. Rxe2 Qh3 24. Bxg7 Kxg7 25. Ng5 Qf5 26. f4 h6 27. Nf3 a5 28.
Rde1 Ra8 29. Kg2 a4 30. h3 axb3 31. axb3 Ra3 32. g4 Qf6 33. g5 hxg5 34. fxg5
Qc3 35. Qf4 Kf8 36. Nd2 Ra2 37. Rf1 Nd8 38. Rf3 Qd4 39. Ref2 Qxf4 40. Rxf4 Kg7
41. Ne4 Ra3 42. R4f3 Rf8 43. Nd2 Ra2 44. Ne4 Rxf2+ 45. Rxf2 Nb7 46. Ra2 Rb8 47.
h4 Kf8 48. Kg3 Ke8 49. Kg4 Kd7 50. Ra6 Rc8 51. Kg3 Kc7 52. Rc6+ Kb8 53. Ra6 Nd8
54. Kg4 Kb7 55. Ra1 Ra8 56. Rxa8 Kxa8 57. h5 gxh5+ 58. Kxh5 Kb8 59. Kh6 Kc7 60.
Kg7 Kc8 61. Kg8 Kc7 62. Kg7 Kc8 63. Kf8 1/2-1/2

[Event "Tatry Open 2014"]
[Site "Tatranske Zruby SVK"]
[Date "2014.10.03"]
[Round "7.4"]
[White "Zambo, Z."]
[Black "Marek, Mat"]
[Result "1-0"]
[WhiteElo "2382"]
[BlackElo "2200"]
[PlyCount "121"]
[EventDate "2014.09.28"]

1. d4 Nf6 2. g3 g6 3. Bg2 Bg7 4. e4 d6 5. Ne2 O-O 6. O-O e5 7. c3 Nbd7 8. f4
Re8 9. Qd3 b6 10. b4 Bb7 11. fxe5 dxe5 12. d5 a5 13. b5 Nc5 14. Qc2 Nfd7 15.
Be3 Qe7 16. Nd2 Rad8 17. Rf2 Bc8 18. Raf1 Rf8 19. Bh3 Nb7 20. Kg2 h6 21. c4
Ndc5 22. Bxc8 Rxc8 23. h3 Nd7 24. g4 f6 25. Ng3 Rf7 26. Rh1 Rcf8 27. Nf3 Nd6
28. Ne1 f5 29. exf5 gxf5 30. gxf5 Qh4 31. Nf3 Qxc4 32. Rc1 Qxd5 33. Rd2 Qa8 34.
Qc6 Qe8 35. Nh4 Nf6 36. Ng6 Qxc6+ 37. Rxc6 Re8 38. a4 Nde4 39. Nxe4 Nxe4 40.
Rdc2 Rxf5 41. Rxc7 Rf6 42. Ne7+ Kh7 43. R2c6 Rb8 44. Nd5 Rg6+ 45. Rxg6 Kxg6 46.
Nxb6 Rd8 47. Nd7 Bf8 48. Nxe5+ Kf6 49. Ng4+ Ke6 50. Rc6+ Kd5 51. Bb6 Ra8 52.
Ne3+ Ke5 53. Bc7+ Kd4 54. Nf5+ Kd3 55. Nxh6 Nc5 56. b6 Re8 57. Ng4 Re2+ 58. Kf3
Rb2 59. Bf4 Rb4 60. Be3 Nd7 61. Nf2# 1-0

[Event "Tatry Open 2014"]
[Site "Tatranske Zruby SVK"]
[Date "2014.10.03"]
[Round "7.5"]
[White "Berezjuk, S."]
[Black "Gumularz, Szymon"]
[Result "1-0"]
[WhiteElo "2371"]
[BlackElo "2132"]
[PlyCount "99"]
[EventDate "2014.09.28"]

1. e4 c5 2. c4 Nc6 3. Nc3 g6 4. g3 Bg7 5. Bg2 e6 6. d3 d6 7. Nge2 Nge7 8. Be3
Nd4 9. Qd2 Nec6 10. O-O O-O 11. Bh6 Rb8 12. Bxg7 Kxg7 13. f4 f6 14. g4 Nxe2+
15. Nxe2 Nd4 16. Ng3 b5 17. f5 bxc4 18. dxc4 exf5 19. exf5 Bb7 20. Rae1 Qd7 21.
g5 Bxg2 22. gxf6+ Rxf6 23. Qxg2 Kh8 24. fxg6 Rxg6 25. b3 Rbg8 26. Re3 Re8 27.
Qf2 Rxe3 28. Qxe3 Qe6 29. Qxe6 Rxe6 30. Rf7 a5 31. Ra7 Kg8 32. Rxa5 Kg7 33. Kf2
Kg6 34. Ra8 Rf6+ 35. Kg2 Re6 36. h4 h6 37. Ra7 Kf6 38. Kf2 Ke5 39. Rd7 Rf6+ 40.
Kg2 Rg6 41. Re7+ Re6 42. Rxe6+ Kxe6 43. Kf2 Ke5 44. Ke3 Nc2+ 45. Kf3 Nd4+ 46.
Kg4 d5 47. cxd5 Kxd5 48. Nf5 Nxf5 49. Kxf5 Kd4 50. a4 1-0